Random Geographical Features on a Map - Statistics

General Stats
  • This quiz has been taken 38 times
  • The average score is 9 of 15
Answer Stats
Hint Answer % Correct
Largest Desert in Africa Sahara
100%
Continent home to the most countries Africa
94%
The longest river in Africa Nile
91%
The capital of Massachusetts Boston
82%
Large Bay within Canada Hudson Bay
82%
Island chain country sandwiched between Italy and Africa Malta
79%
The peninsula of Norway, Sweden, and Finland Scandinavia
76%
Country of islands in Oceania, now also the name of a famous Water brand Fiji
74%
A British island in the Atlantic Ocean Bermuda
56%
Famous cape in Massachusetts, now also the name of a famous Chip brand Cape Cod
47%
The region of Paris and Versailles Ile-de-France
44%
Empire spanning Europe, Africa, and Asia Roman Empire
29%
West Manhattan (NYC)’s River Hudson River
26%
The second largest island of Puerto Rico Vieques
15%
Body of water covering the whole of Miami Biscayne Bay
12%
No matching quizzes found
Score Distribution
Percent of People with Each Score
Percentile by Number Answered
Your Score History
You have not taken this quiz